[Event "Tournoi Skype 032B"]
[Site "Skype"]
[Date "????.??.??"]
[Round "8.17"]
[White "Gomez Zuluaga, Jorge Adiel"]
[Black "Guillaume, Mickael"]
[Result "0-1"]
[WhiteElo "1468"]
[BlackElo "1511"]
[PlyCount "128"]

1. d4 Nf6 2. e3 e6 3. c4 c5 4. Bd2 cxd4 5. exd4 Nc6 6. Nf3 Bb4 7. a3 Qa5 8. Bd3
d6 9. O-O Bxd2 10. Nbxd2 O-O 11. Qc2 Qh5 12. Be2 Bd7 13. b4 a6 14. c5 Rac8 15.
Rfe1 Qh6 16. Nc4 dxc5 17. Nb6 Rcd8 18. Nxd7 Rxd7 19. Qxc5 Rfd8 20. h3 Nxd4 21.
Nxd4 Rxd4 22. Bf3 R4d7 23. Rad1 Nd5 24. Bxd5 exd5 25. Re7 Qd6 26. Qxd6 Rxd6 27.
Rxb7 Re6 28. Rf1 d4 29. Rc7 d3 30. Rd1 d2 31. Kf1 Rde8 32. Rcc1 dxc1=Q 33. Rxc1
Rd6 34. g3 Rd3 35. a4 Rb3 36. Rc4 Rb8 37. Rc6 R3xb4 38. Rxa6 g6 39. a5 Ra4 40.
Ra7 Kg7 41. a6 h6 42. h4 h5 43. Kg2 Rb6 44. Rb7 Raxa6 45. Rxb6 Rxb6 46. Kf3 Rb4
47. Ke3 f6 48. Kf3 Kh6 49. Kg2 g5 50. f3 gxh4 51. gxh4 Rxh4 52. Kg3 Kg5 53. Kg2
f5 54. Kg3 Ra4 55. Kh3 h4 56. Kg2 Kf4 57. Kh3 Kxf3 58. Kh2 Kg4 59. Kg2 Ra3 60.
Kh2 f4 61. Kg2 h3+ 62. Kh2 Ra2+ 63. Kg1 Kg3 64. Kh1 Ra1# 0-1

[Event "Tournoi Skype 032B"]
[Site "Skype"]
[Date "????.??.??"]
[Round "8.18"]
[White "Crocioni, Luca"]
[Black "Lai, Mattia"]
[Result "1-0"]
[WhiteElo "1566"]
[BlackElo "1424"]
[PlyCount "51"]

1. d4 Nf6 2. c4 c5 3. Bf4 b5 4. e3 Ba6 5. cxb5 Bb7 6. Nf3 a6 7. bxa6 Nxa6 8. a3
e6 9. Be2 Nb4 10. Nc3 Nbd5 11. Nxd5 Bxd5 12. O-O Be7 13. Ne5 O-O 14. Bf3 Ne4
15. dxc5 d6 16. Nd3 e5 17. Bg3 Qc7 18. Nb4 Nxg3 19. hxg3 e4 20. Nxd5 Qb7 21.
Bxe4 Qxb2 22. Nxe7+ Kh8 23. Bxa8 Rxa8 24. Qxd6 Rb8 25. c6 Rb6 26. Qd8# 1-0

[Event "Tournoi Skype 032B"]
[Site "Skype"]
[Date "????.??.??"]
[Round "8.20"]
[White "Maccaferri, Massimo"]
[Black "Hernandez Monzon, Alejandro"]
[Result "0-1"]
[WhiteElo "1444"]
[BlackElo "1552"]
[PlyCount "52"]

1. e4 e6 2. d4 d5 3. exd5 exd5 4. Nc3 c5 5. g3 Nf6 6. Bg2 Be6 7. Bg5 Be7 8. Qe2
cxd4 9. Bxf6 gxf6 10. Qb5+ Bd7 11. Qxb7 Bc6 12. Qb3 dxc3 13. bxc3 O-O 14. O-O-O
Qb6 15. Bxd5 Qxb3 16. axb3 Ba3+ 17. Kb1 Rd8 18. Bxf7+ Kxf7 19. Rxd8 Bxh1 20. f3
Be7 21. Rd3 Nc6 22. Nh3 Rd8 23. Re3 Bc5 24. Re4 Ne5 25. Rf4 Nxf3 26. Nf2 Bxf2
0-1

[Event "Tournoi Skype 032B"]
[Site "Skype"]
[Date "????.??.??"]
[Round "8.21"]
[White "Skura, Simone"]
[Black "Radice, Marco"]
[Result "1-0"]
[WhiteElo "1441"]
[BlackElo "1534"]
[PlyCount "59"]

1. e4 c5 2. Nc3 d6 3. d4 cxd4 4. Qxd4 Nc6 5. Qa4 Nf6 6. Bb5 Bd7 7. Nf3 Qb6 8.
Be3 Qc7 9. Nd5 Nxd5 10. exd5 Ne5 11. Nxe5 dxe5 12. Bxd7+ Qxd7 13. Qe4 Qc7 14.
O-O g6 15. Qa4+ Qd7 16. Qa5 Bg7 17. c3 O-O 18. Rad1 b6 19. Qa3 e4 20. Qb4 Qf5
21. Qxe7 Rfe8 22. Qb4 Be5 23. d6 Qh5 24. h3 Red8 25. Qxe4 Bxd6 26. Rxd6 Rxd6
27. Qxa8+ Kg7 28. Bd4+ Kh6 29. Qf8+ Kg5 30. f4+ 1-0

[Event "Tournoi Skype 032B"]
[Site "Skype"]
[Date "????.??.??"]
[Round "8.22"]
[White "Diaz Yara, Jose Mauricio"]
[Black "Martin Fernandez, Enrique"]
[Result "1-0"]
[WhiteElo "1435"]
[BlackElo "1513"]
[PlyCount "39"]

1. e4 c5 2. Nf3 d6 3. Bc4 Nc6 4. O-O Nf6 5. d3 e6 6. Bg5 Be7 7. Nbd2 Na5 8. e5
Nxc4 9. Nxc4 Nd5 10. Nxd6+ Kf8 11. Bxe7+ Kxe7 12. Ng5 Qb6 13. Qh5 g6 14. Qh4 f6
15. Nge4 Qxb2 16. f4 Qd4+ 17. Kh1 Bd7 18. Nxf6 Bc6 19. Nxd5+ Kd7 20. Qe7# 1-0

[Event "Tournoi Skype 032B"]
[Site "Skype"]
[Date "????.??.??"]
[Round "8.23"]
[White "De Coninck, Philippe"]
[Black "Gerbaux, Regis"]
[Result "1/2-1/2"]
[WhiteElo "1510"]
[BlackElo "1400"]
[PlyCount "116"]

1. e4 c5 2. Nf3 e6 3. c3 Nc6 4. d4 cxd4 5. cxd4 Nf6 6. Nc3 d5 7. Bg5 Be7 8. e5
Ne4 9. Bxe7 Nxc3 10. Bxd8 Nxd1 11. Rxd1 Nxd8 12. Bd3 Bd7 13. Ng5 g6 14. O-O h6
15. Nf3 Nc6 16. Bb1 O-O-O 17. Rc1 Kb8 18. a3 Rc8 19. Rc5 Ne7 20. Rfc1 Rhf8 21.
Nd2 f5 22. Nb3 Nc6 23. Bd3 a6 24. f3 g5 25. Kf2 f4 26. Ke2 h5 27. g3 fxg3 28.
hxg3 h4 29. gxh4 gxh4 30. Rh1 Rh8 31. Ke3 Be8 32. Rc2 Ne7 33. Nc5 Bg6 34. Nd7+
Ka7 35. Rxc8 Rxc8 36. Rxh4 Bxd3 37. Kxd3 Nf5 38. Rh7 Rc4 39. b3 Rxd4+ 40. Kc3
Rh4 41. Rxh4 Nxh4 42. f4 Nf5 43. Nc5 Ng7 44. b4 b6 45. Nd7 Kb7 46. a4 Kc6 47.
Nf6 Nf5 48. Kd3 Ne7 49. Nh5 Nf5 50. a5 bxa5 51. bxa5 Kb5 52. Nf6 Ne7 53. Ne8
Kxa5 54. Nc7 Kb4 55. Nxe6 a5 56. Kc2 a4 57. Kb2 Nf5 58. Ng5 d4 1/2-1/2

[Event "Tournoi Skype 032B"]
[Site "Skype"]
[Date "????.??.??"]
[Round "8.24"]
[White "Roberge, Yves"]
[Black "Abate, Luigi"]
[Result "0-1"]
[WhiteElo "1401"]
[BlackElo "1506"]
[PlyCount "67"]

1. d4 d5 2. Nf3 Nf6 3. Bf4 c5 4. c3 Nc6 5. e3 Bg4 6. Be2 e6 7. h3 Bh5 8. dxc5
Bxc5 9. O-O O-O 10. Ne5 Bxe2 11. Qxe2 Rc8 12. c4 h6 13. Nc3 d4 14. Na4 Bb4 15.
a3 Ba5 16. b4 Bc7 17. Rfc1 Nxe5 18. exd4 Qxd4 19. g3 Ng6 20. Bxc7 Rxc7 21. Rd1
Qxc4 22. Qe1 Rcc8 23. Rac1 Qb5 24. Nc3 Qg5 25. Nb5 Qxb5 26. Rc3 Qg5 27. Rdc1
Ne7 28. Qe3 Qxe3 29. fxe3 Ne4 30. Rc4 Nxg3 31. Kg2 Ngf5 32. e4 Nd6 33. Rc7 Nxe4
34. Rxb7 0-1

[Event "Tournoi Skype 032B"]
[Site "Skype"]
[Date "????.??.??"]
[Round "8.25"]
[White "Bendre, Nilesh"]
[Black "Rosenkoetter, David"]
[Result "1-0"]
[WhiteElo "1400"]
[BlackElo "1505"]
[PlyCount "51"]

1. e4 c5 2. Nf3 d6 3. d4 cxd4 4. Nxd4 Nf6 5. Nc3 a6 6. Be2 e5 7. Nf3 Be7 8. O-O
O-O 9. Be3 Be6 10. h3 Nbd7 11. Nd5 Nxe4 12. Nxe7+ Qxe7 13. Bd3 Nef6 14. Re1 e4
15. Bxe4 Nxe4 16. Qd3 Ndf6 17. Ng5 h6 18. Nxe4 Nxe4 19. Qxe4 d5 20. Qf3 Rac8
21. c3 Rfd8 22. Qg3 Qf6 23. Rad1 Kh7 24. Bd4 Qg6 25. Qxg6+ fxg6 26. Rxe6 1-0

[Event "Tournoi Skype 032B"]
[Site "Skype"]
[Date "????.??.??"]
[Round "8.26"]
[White "Linares Vernet, Ana"]
[Black "Jacinto Sebastian, Carlos Ivan"]
[Result "1-0"]
[WhiteElo "1485"]
[BlackElo "1400"]
[PlyCount "85"]

1. e4 c5 2. c4 d6 3. Nf3 e5 4. Nc3 Nc6 5. a3 Bg4 6. Be2 Qd7 7. d3 O-O-O 8. O-O
d5 9. Nxd5 Nd4 10. Nxd4 Bxe2 11. Qxe2 exd4 12. b4 h5 13. Qf3 h4 14. h3 f6 15.
Qf5 Nh6 16. Qxd7+ Rxd7 17. f3 Nf7 18. Bf4 g5 19. Bh2 g4 20. fxg4 Bg7 21. Nxf6
Rc7 22. Bxc7 Kxc7 23. Nd5+ Kd6 24. Rxf7 Bh6 25. bxc5+ Kxc5 26. Rxb7 Rf8 27.
Rab1 Be3+ 28. Nxe3 dxe3 29. R7b5+ Kd4 30. R5b3 e2 31. Re1 Ke3 32. d4+ Kxd4 33.
Rxe2 Kxc4 34. Ree3 Rd8 35. Rb4+ Kc5 36. e5 a5 37. Rbb3 Rd1+ 38. Kf2 Ra1 39. e6
a4 40. Rbc3+ Kd6 41. e7 Kd5 42. e8=Q Rxa3 43. Qb5+ 1-0

[Event "Tournoi Skype 032B"]
[Site "Skype"]
[Date "????.??.??"]
[Round "8.27"]
[White "Facco Comunello, Lorenzo"]
[Black "Munera Garcia, Lina Marcela"]
[Result "1-0"]
[WhiteElo "1400"]
[BlackElo "1478"]
[PlyCount "81"]

1. e4 c5 2. Nf3 d6 3. c3 Nf6 4. Qc2 Nbd7 5. d4 cxd4 6. cxd4 b6 7. Nc3 Bb7 8.
Bd3 Rc8 9. O-O e5 10. d5 Be7 11. b4 a6 12. Be3 Qc7 13. Rfc1 O-O 14. b5 Ng4 15.
bxa6 Nxe3 16. fxe3 Ba8 17. Rab1 Nf6 18. Na4 Qxc2 19. Bxc2 Bd8 20. Nxb6 Bxb6 21.
Rxb6 Ng4 22. Rb3 Rc7 23. Ne1 Ra7 24. h3 Nf6 25. Bd3 Nh5 26. Kf2 f5 27. exf5
Bxd5 28. Rbc3 Be6 29. g4 e4 30. Bc4 d5 31. Bb5 d4 32. exd4 Nf4 33. Kg3 Nd5 34.
fxe6 Nxc3 35. Rxc3 Re7 36. d5 Rb8 37. Bd7 g5 38. d6 Rg7 39. e7 Rf7 40. Rc8+
Rxc8 41. Bxc8 1-0

[Event "Tournoi Skype 032B"]
[Site "Skype"]
[Date "????.??.??"]
[Round "8.28"]
[White "Viatge, Fabrice"]
[Black "Ruiz Gomez, Luz Alba"]
[Result "0-1"]
[WhiteElo "1400"]
[BlackElo "1472"]
[PlyCount "72"]

1. c4 Nf6 2. Nf3 e6 3. Nc3 d5 4. cxd5 exd5 5. d4 h6 6. e3 Nbd7 7. Bd3 c5 8. O-O
Be7 9. Re1 O-O 10. Bc2 Re8 11. e4 Nb6 12. e5 Nh7 13. Qd3 Nf8 14. b3 Be6 15. Ne2
Rc8 16. Nf4 Qd7 17. Nxe6 Qxe6 18. Bb2 Qg6 19. Rac1 Qxd3 20. Bxd3 Ne6 21. g3 Nd7
22. Bf5 Ndf8 23. Kg2 b6 24. Red1 Rcd8 25. Ba1 Rc8 26. Bb2 Rc7 27. Rd2 Ng5 28.
Rdc2 Nxf3 29. Kxf3 Bg5 30. Rd1 Nd7 31. Bxd7 Rxd7 32. dxc5 bxc5 33. Rxc5 Red8
34. Bd4 Be7 35. Rdc1 Bxc5 36. Rxc5 Rb7 0-1

[Event "Tournoi Skype 032B"]
[Site "Skype"]
[Date "????.??.??"]
[Round "8.29"]
[White "Bland, Marilyn"]
[Black "Tolaro, Filippa"]
[Result "1-0"]
[WhiteElo "1468"]
[BlackElo "1400"]
[PlyCount "59"]

1. e4 c6 2. Bc4 Nf6 3. d3 d5 4. e5 dxc4 5. exf6 cxd3 6. cxd3 exf6 7. Qe2+ Be7
8. Nf3 Bg4 9. Be3 Bxf3 10. gxf3 O-O 11. Nc3 Nd7 12. Ne4 Ne5 13. O-O-O f5 14.
Ng3 Bg5 15. Nxf5 Qf6 16. Bxg5 Qxf5 17. f4 Ng6 18. Qe3 h6 19. Qe4 Qxe4 20. dxe4
hxg5 21. fxg5 Rfe8 22. f3 Nh4 23. Rhf1 Ng2 24. Rd7 g6 25. Rxb7 Re5 26. Rd1 Kf8
27. Rdd7 Kg8 28. Rxf7 Rf8 29. Rg7+ Kh8 30. Rh7+ 1-0

[Event "Tournoi Skype 032B"]
[Site "Skype"]
[Date "????.??.??"]
[Round "8.30"]
[White "Saglam, Derya"]
[Black "Alarcon Alarcon, Marina"]
[Result "0-1"]
[WhiteElo "1400"]
[BlackElo "1527"]
[PlyCount "84"]

1. e4 e5 2. Nf3 Nc6 3. Bc4 Nf6 4. Nc3 Bc5 5. O-O O-O 6. Re1 d6 7. h3 a6 8. Nd5
h6 9. c3 b5 10. Bb3 Be6 11. d4 Bb6 12. Nxb6 cxb6 13. Bxe6 fxe6 14. d5 exd5 15.
exd5 Ne7 16. Nh4 Qd7 17. Qf3 Nh7 18. Qg3 Qe8 19. Bxh6 Rf7 20. f4 Qd7 21. fxe5
dxe5 22. Rxe5 Kh8 23. Ng6+ Nxg6 24. Qxg6 gxh6 25. Qxh6 Rg7 26. Rae1 Rag8 27. g4
Qf7 28. R1e4 Rf8 29. Qh4 Qf1+ 30. Kh2 Rf2+ 31. Qxf2 Qxf2+ 32. Kh1 Qf1+ 33. Kh2
Qf2+ 34. Kh1 Qf1+ 35. Kh2 Rf7 36. Rf5 Rxf5 37. gxf5 Qxf5 38. Rd4 Qc2+ 39. Kg3
Qxb2 40. d6 Qxc3+ 41. Kf4 Qxd4+ 42. Kf5 Qxd6 0-1

[Event "Tournoi Skype 032B"]
[Site "Skype"]
[Date "????.??.??"]
[Round "8.31"]
[White "Wildt, Gerti"]
[Black "Prieto Umba, Jairo Ovidio"]
[Result "1-0"]
[WhiteElo "1438"]
[BlackElo "1582"]
[PlyCount "101"]

1. d4 d5 2. Nf3 Bf5 3. Bf4 e6 4. c3 c5 5. e3 a6 6. Nbd2 c4 7. Be2 Nf6 8. O-O
Be7 9. Ne5 O-O 10. h3 Nbd7 11. b3 b5 12. bxc4 bxc4 13. Ndf3 Qa5 14. Nc6 Qa3 15.
Qd2 Bd6 16. Nh4 Ne4 17. Qd1 Nxc3 18. Qe1 Nxe2+ 19. Qxe2 Bd3 20. Qf3 Bxf1 21.
Kxf1 Qd3+ 22. Kg1 Bxf4 23. Ne7+ Kh8 24. Qxf4 Rae8 25. Qd6 Nf6 26. Nf3 Qe4 27.
Ng5 Qxe3 28. fxe3 h6 29. Nf3 Ne4 30. Qc7 Rb8 31. Nc6 Rbc8 32. Qb7 Nd6 33. Qxa6
Ra8 34. Qb6 Ne4 35. a4 c3 36. a5 f5 37. Nb4 Rfb8 38. Qxe6 Rxb4 39. Qxd5 c2 40.
Qxa8+ Kh7 41. Rc1 Rb1 42. Rxb1 cxb1=Q+ 43. Kh2 Qc1 44. Qd5 Qc8 45. Nh4 Qc7+ 46.
Qe5 Qxe5+ 47. dxe5 g6 48. a6 Nc5 49. a7 Nd7 50. a8=Q Nxe5 51. Qe8 1-0

[Event "Tournoi Skype 032B"]
[Site "Skype"]
[Date "????.??.??"]
[Round "8.32"]
[White "Vincent, Andre"]
[Black "Torres, Vicky"]
[Result "0-1"]
[WhiteElo "1533"]
[BlackElo "1400"]
[PlyCount "74"]

1. d4 d5 2. c4 e6 3. e3 Nf6 4. Bd3 c5 5. Nd2 Nc6 6. Ngf3 Bd6 7. cxd5 exd5 8.
O-O O-O 9. Qc2 Nb4 10. Qb1 Nxd3 11. Qxd3 a6 12. b3 Be6 13. Re1 Bg4 14. e4 dxe4
15. Nxe4 Nxe4 16. Qxe4 Bxf3 17. Qxf3 Qc7 18. Qg4 Bxh2+ 19. Kf1 Bd6 20. Bh6 f5
21. Qxg7+ Qxg7 22. Bxg7 Kxg7 23. Re6 Rad8 24. d5 f4 25. f3 Rf5 26. Rd1 Rh5 27.
Kf2 Kf7 28. Re4 b5 29. a3 a5 30. a4 bxa4 31. bxa4 Rb8 32. Re6 Rb6 33. Re2 c4
34. Rc2 Rb4 35. Ra2 c3 36. Ke2 Rb2+ 37. Rxb2 cxb2 0-1

[Event "Tournoi Skype 032B"]
[Site "Skype"]
[Date "????.??.??"]
[Round "8.33"]
[White "Valmalette, Alain"]
[Black "Schuh, David"]
[Result "1-0"]
[WhiteElo "1513"]
[BlackElo "1422"]
[PlyCount "91"]

1. d4 Nf6 2. Nf3 d5 3. Bf4 Bf5 4. e3 e6 5. c4 c6 6. Nc3 Nbd7 7. a3 Be7 8. c5 b6
9. b4 bxc5 10. bxc5 Rb8 11. Bxb8 Qxb8 12. Be2 O-O 13. O-O Qc7 14. Bd3 Bg4 15.
h3 Bh5 16. Be2 e5 17. e4 dxe4 18. dxe5 Nxe5 19. Nxe5 Qxe5 20. Rc1 Rd8 21. Qc2
Bg6 22. Qa4 Qxc5 23. Nxe4 Qb6 24. Rxc6 Qb7 25. Nc5 Bxc5 26. Rxc5 Be4 27. Bf3
Bxf3 28. gxf3 g6 29. Kg2 Rd3 30. Qc6 Qe7 31. Rc3 Rd6 32. Qa8+ Rd8 33. Rc8 Rxc8
34. Qxc8+ Kg7 35. Qc3 Kh6 36. Re1 Qd8 37. Qe3+ g5 38. h4 Nd5 39. hxg5+ Kg6 40.
Qe4+ Kxg5 41. Qg4+ Kf6 42. Qh4+ Kf5 43. Qxd8 Nf4+ 44. Kg3 Nh5+ 45. Kh4 Nf4 46.
Qg5# 1-0

[Event "Tournoi Skype 032B"]
[Site "Skype"]
[Date "????.??.??"]
[Round "8.35"]
[White "Montilla Bejarano, Mey"]
[Black "Alesse, Samuel"]
[Result "1-0"]
[WhiteElo "1450"]
[BlackElo "1400"]
[PlyCount "65"]

1. d4 d5 2. Bf4 e6 3. Nf3 Nf6 4. h3 Be7 5. e3 Nbd7 6. c3 c5 7. Bb5 Qb6 8. Qa4
a6 9. Na3 Qa7 10. Bxd7+ Bxd7 11. Qc2 O-O 12. Ne5 b6 13. O-O cxd4 14. exd4 Bc8
15. Nc6 Qd7 16. Ne5 Bxa3 17. Nxd7 Bxd7 18. bxa3 Nh5 19. g3 Nxf4 20. gxf4 Bb5
21. Rfb1 Rac8 22. a4 Bd7 23. Rxb6 a5 24. Rd6 Be8 25. Rb1 Rc4 26. Rd8 f6 27.
Rbb8 Kf7 28. Qxh7 Ke7 29. Qxg7+ Rf7 30. Rxe8+ Kd6 31. Qxf7 Rxc3 32. Rb6+ Rc6
33. Rxe6# 1-0

[Event "Tournoi Skype 032B"]
[Site "Skype"]
[Date "????.??.??"]
[Round "8.37"]
[White "Bolanos Ocampo, Sandra"]
[Black "Ponz Lazaro, Ruperto"]
[Result "0-1"]
[WhiteElo "1423"]
[BlackElo "1558"]
[PlyCount "28"]

1. e4 d5 2. Nc3 dxe4 3. Nxe4 Qd5 4. d3 Bf5 5. Ne2 Bxe4 6. dxe4 Qxe4 7. g3 Qxh1
8. h4 Nc6 9. Be3 e6 10. a3 Nf6 11. Qd2 Rd8 12. Qc3 Qd5 13. Bd2 Ne4 14. Qa5 Nxa5
0-1

[Event "Tournoi Skype 032B"]
[Site "Skype"]
[Date "????.??.??"]
[Round "8.38"]
[White "Ahrens, Melanie"]
[Black "Coraza, Diana"]
[Result "1-0"]
[WhiteElo "1550"]
[BlackElo "1400"]
[PlyCount "55"]

1. e4 e5 2. Nf3 Nc6 3. Bb5 a6 4. Ba4 Nf6 5. O-O Be7 6. c3 O-O 7. Re1 b5 8. Bb3
d6 9. d4 d5 10. exd5 Nxd5 11. Nxe5 Bb7 12. Bxd5 Qxd5 13. f3 Bd6 14. Nxc6 Bxc6
15. Nd2 Qh5 16. Nf1 Rae8 17. Rxe8 Rxe8 18. d5 Bc5+ 19. Kh1 Bd7 20. Bf4 Bd6 21.
Bxd6 cxd6 22. Ng3 Qh4 23. Qd4 Qe7 24. h3 g6 25. Qa7 f5 26. f4 h6 27. Qxa6 g5
28. Nh5 1-0

[Event "Tournoi Skype 032B"]
[Site "Skype"]
[Date "????.??.??"]
[Round "8.40"]
[White "Guevara, Lizbeth"]
[Black "Davanzo, Luca"]
[Result "1-0"]
[WhiteElo "1534"]
[BlackElo "1400"]
[PlyCount "67"]

1. d4 d5 2. Nf3 Nf6 3. c4 e6 4. Nc3 c6 5. Nd2 Bb4 6. e3 b6 7. Bd3 O-O 8. a3 Bd6
9. b4 Ba6 10. O-O Nbd7 11. Bb2 Re8 12. f4 Ng4 13. Qxg4 g6 14. e4 dxe4 15. Ndxe4
Bc7 16. Ne2 f5 17. Qf3 fxe4 18. Qxe4 Bb7 19. h3 Nf6 20. Qe3 a5 21. g4 Nd7 22.
Qf3 Rf8 23. Qe4 Qe7 24. b5 Qd6 25. Qg2 a4 26. g5 Rae8 27. Be4 Rb8 28. Rad1 Rf7
29. bxc6 Bxc6 30. Bxc6 Nf8 31. Rd3 Rf5 32. Kh2 b5 33. c5 Qd7 34. Bxd7 1-0

[Event "Tournoi Skype 032B"]
[Site "Skype"]
[Date "????.??.??"]
[Round "8.41"]
[White "Costa, Silveria"]
[Black "Koohnavard, Neda"]
[Result "0-1"]
[WhiteElo "1400"]
[BlackElo "1481"]
[PlyCount "88"]

1. f4 d5 2. e3 c6 3. b3 Nf6 4. Bb2 Bd7 5. Nf3 Bg4 6. Be2 Nbd7 7. O-O e6 8. d3
Be7 9. Nc3 Qb6 10. d4 O-O-O 11. a4 h5 12. a5 Qb4 13. Qb1 h4 14. h3 Bh5 15. Ra4
Qd6 16. Qa1 Ne4 17. Ba3 c5 18. Nb5 Qa6 19. Bd3 Bf6 20. Nd6+ Qxd6 21. a6 b6 22.
dxc5 Ndxc5 23. Bxc5 Nxc5 24. Qb1 Nxa4 25. bxa4 Qa3 26. Nd2 Qxa4 27. Nb3 Rh6 28.
Rf2 Qb4 29. g3 hxg3 30. Rf1 Bg6 31. Be2 Bxc2 32. Qxc2+ Qc3 33. Qc1 Kb8 34. Nd4
Rc8 35. Nb5 Qxc1 36. Rxc1 Rxc1+ 37. Kg2 Rc2 38. Kf3 Rxh3 39. Na3 Ra2 40. Bf1
Rhh2 41. Nb1 Rhf2+ 42. Kxg3 Rxf1 43. Nc3 Raf2 44. Ne4 Ra2 0-1

[Event "Tournoi Skype 032B"]
[Site "Skype"]
[Date "????.??.??"]
[Round "8.42"]
[White "Podesta, Javier"]
[Black "Colangelo, Michele"]
[Result "1-0"]
[WhiteElo "1400"]
[BlackElo "1464"]
[PlyCount "27"]

1. d4 d5 2. Nf3 Nc6 3. Bf4 Bf5 4. c4 Nb4 5. a3 Nc2+ 6. Kd2 Nxa1 7. Nc3 Nc2 8.
Nxd5 c6 9. Nc7+ Kd7 10. Nxa8 Qxa8 11. Ne5+ Ke8 12. e3 Qd8 13. Qe2 Bg4 14. Nxg4
1-0

[Event "Tournoi Skype 032B"]
[Site "Skype"]
[Date "????.??.??"]
[Round "8.44"]
[White "Aghaee, Shirin"]
[Black "Achicanoy, Yolanda"]
[Result "1-0"]
[WhiteElo "1400"]
[BlackElo "1443"]
[PlyCount "39"]

1. d4 d5 2. Nf3 Nc6 3. Bf4 h6 4. h3 e6 5. e3 Nf6 6. Nbd2 Be7 7. c4 Bd7 8. cxd5
exd5 9. Bd3 O-O 10. O-O a6 11. Re1 Nh5 12. Be5 Bg5 13. Nxg5 hxg5 14. Qxh5 Nxd4
15. Bxd4 Re8 16. Qh7+ Kf8 17. Qxg7+ Ke7 18. Qxg5+ Kd6 19. Qg3+ Kc6 20. Rac1#
1-0

[Event "Tournoi Skype 032B"]
[Site "Skype"]
[Date "????.??.??"]
[Round "8.45"]
[White "Bosetti, Giancarlo"]
[Black "Grib, Jessica"]
[Result "1-0"]
[WhiteElo "1389"]
[BlackElo "1437"]
[PlyCount "33"]

1. e4 e6 2. d4 d5 3. exd5 Qxd5 4. Nc3 Qa5 5. Bd2 Nc6 6. Nf3 Nf6 7. Ne4 Qf5 8.
Nxf6+ Qxf6 9. Bg5 Qg6 10. Bd3 f5 11. O-O Bd6 12. Re1 Qh5 13. d5 Nd8 14. Bxd8
Kxd8 15. dxe6 Re8 16. Ne5 Qg5 17. Nf7+ 1-0

[Event "Tournoi Skype 032B"]
[Site "Skype"]
[Date "????.??.??"]
[Round "8.47"]
[White "Samudio Villarreal, Eduardo"]
[Black "Molina, Maria Lucia"]
[Result "0-1"]
[WhiteElo "1379"]
[BlackElo "1395"]
[PlyCount "28"]

1. d4 d5 2. Nc3 Nf6 3. Bg5 h6 4. h3 e6 5. Bh4 c6 6. e3 Bd6 7. Bd3 O-O 8. a3
Nbd7 9. b4 a6 10. Nge2 Qe8 11. O-O e5 12. e4 exd4 13. Nxd4 Qe5 14. Nce2 Qh2#
0-1

[Event "Tournoi Skype 032B"]
[Site "Skype"]
[Date "????.??.??"]
[Round "8.48"]
[White "Ngwevela, Luzuko"]
[Black "Ricord, Gerardo"]
[Result "0-1"]
[WhiteElo "1381"]
[BlackElo "1371"]
[PlyCount "56"]

1. e4 e5 2. Bc4 Nf6 3. Nc3 Bc5 4. Nf3 Ng4 5. O-O a6 6. d3 h6 7. h3 Nf6 8. a3 b5
9. Bd5 c6 10. Ba2 O-O 11. Nxe5 d5 12. b4 Bd4 13. Be3 Bxc3 14. Nf3 Bxa1 15. Qxa1
dxe4 16. Nd2 exd3 17. Bc5 Re8 18. Qc3 Bd7 19. Qb3 Be6 20. Qb2 Bf5 21. Nf3 dxc2
22. Ne5 Qd1 23. Bxf7+ Kh7 24. Bxe8 Nxe8 25. Qd4 Qe2 26. Qf4 Be4 27. Qf7 Qxf1+
28. Kh2 Qxg2# 0-1

[Event "Tournoi Skype 032B"]
[Site "Skype"]
[Date "????.??.??"]
[Round "8.49"]
[White "Marroquin Mayhua, Silvia"]
[Black "Hargez, Dany"]
[Result "1-0"]
[WhiteElo "1519"]
[BlackElo "1578"]
[PlyCount "82"]

1. c4 e5 2. e4 Nf6 3. d3 Bb4+ 4. Bd2 Nc6 5. Bc3 d6 6. Be2 O-O 7. Nd2 Bxc3 8.
bxc3 Ne7 9. h3 Ng6 10. d4 Nf4 11. Rh2 exd4 12. cxd4 c5 13. d5 Qa5 14. Bf3 Bd7
15. Ne2 b5 16. Nxf4 bxc4 17. Kf1 Bb5 18. Be2 c3 19. Nb3 Bxe2+ 20. Qxe2 Qb6 21.
g4 g5 22. Nh5 Nd7 23. Qe3 Qd8 24. Qxc3 Ne5 25. Ng3 Qf6 26. Nf5 Nd7 27. Qxf6
Nxf6 28. Re1 Rfe8 29. Nxd6 Re5 30. Nxc5 Rd8 31. Nf5 Nd7 32. Nd3 Ree8 33. f4 f6
34. h4 h6 35. hxg5 hxg5 36. Nh6+ Kg7 37. Nf5+ Kf7 38. Nd6+ Ke7 39. Nxe8 Kxe8
40. fxg5 fxg5 41. Rh8+ Nf8 1-0

[Event "Tournoi Skype 032B"]
[Site "Skype"]
[Date "????.??.??"]
[Round "8.50"]
[White "Guzman Diaz, Valeria"]
[Black "Bucherie, Volcy"]
[Result "1-0"]
[WhiteElo "1400"]
[BlackElo "1538"]
[PlyCount "65"]

1. e4 c6 2. d3 d5 3. f3 e5 4. Nc3 d4 5. Nce2 Qa5+ 6. Bd2 Bb4 7. c3 dxc3 8. bxc3
Ba3 9. g4 Qd8 10. Ng3 h6 11. Bh3 Qxd3 12. N1e2 Qxf3 13. Qc2 Bc5 14. Rf1 Bxg4
15. Rxf3 Bxf3 16. a3 Nf6 17. Qb3 b5 18. c4 a6 19. Qxf3 bxc4 20. Ra2 O-O 21. Qg2
Nbd7 22. Nf5 g5 23. Nxh6+ Kg7 24. Bxg5 Kg6 25. Bf5+ Kh5 26. Ng1 Rab8 27. Rd2
Rb1+ 28. Ke2 Bd4 29. Nf3 c3 30. Rc2 Rb2 31. Kd1 Rb1+ 32. Rc1 Rb2 33. Qh3# 1-0

[Event "Tournoi Skype 032B"]
[Site "Skype"]
[Date "????.??.??"]
[Round "8.51"]
[White "Hernandez Lopez, Joaquin"]
[Black "Baratta, Giuseppe"]
[Result "1-0"]
[WhiteElo "1439"]
[BlackElo "1398"]
[PlyCount "63"]

1. e4 e5 2. Nf3 Nc6 3. Bc4 Bc5 4. c3 d6 5. h3 Be6 6. Bb3 Nge7 7. d4 exd4 8.
cxd4 Nxd4 9. Nxd4 Bb6 10. Nxe6 fxe6 11. Bxe6 d5 12. Bg5 dxe4 13. O-O e3 14.
Qxd8+ Rxd8 15. Nc3 exf2+ 16. Kh1 Rf8 17. Ne4 Rd6 18. Nxd6+ cxd6 19. Rad1 h6 20.
Bxe7 Kxe7 21. Bg4 Kf7 22. Rxd6 Bc7 23. Rd7+ Kg8 24. Rxc7 Rf7 25. Be6 Kf8 26.
Rxf7+ Ke8 27. Rxg7 Kf8 28. Rh7 b5 29. Rxf2+ Ke8 30. Rff7 a5 31. Re7+ Kd8 32.
Rhf7 1-0

[Event "Tournoi Skype 032B"]
[Site "Skype"]
[Date "????.??.??"]
[Round "8.52"]
[White "Rodgerson, Michael"]
[Black "Baker, Abi"]
[Result "0-1"]
[WhiteElo "1307"]
[BlackElo "1438"]
[PlyCount "46"]

1. d4 d5 2. Nf3 g6 3. e3 Bg7 4. Bd3 Nf6 5. O-O O-O 6. c3 Bg4 7. Nbd2 a6 8. Qc2
b5 9. b3 Nbd7 10. Bb2 c5 11. Rac1 c4 12. Be2 e6 13. bxc4 dxc4 14. h3 Bf5 15. e4
Nxe4 16. Nxe4 Bh6 17. Rcd1 Nf6 18. Ba3 Bxe4 19. Qb2 Re8 20. Qb4 Nd5 21. Qb2 f5
22. Ne5 Qg5 23. Nd7 Qxg2# 0-1

[Event "Tournoi Skype 032B"]
[Site "Skype"]
[Date "????.??.??"]
[Round "8.53"]
[White "Coutellier, Olivia"]
[Black "Cassano, Mariangela"]
[Result "1-0"]
[WhiteElo "1400"]
[BlackElo "1306"]
[PlyCount "21"]

1. e4 e5 2. d3 d6 3. Nf3 Nf6 4. Bg5 Be7 5. Nc3 O-O 6. Nd5 Nxd5 7. exd5 Bxg5 8.
h4 Bf6 9. Ng5 Qd7 10. Qh5 g6 11. Qxh7# 1-0

[Event "Tournoi Skype 032B"]
[Site "Skype"]
[Date "????.??.??"]
[Round "8.54"]
[White "Guillen Andrinal, Pablo"]
[Black "Carias, Nancy"]
[Result "1-0"]
[WhiteElo "1411"]
[BlackElo "1333"]
[PlyCount "87"]

1. e4 e5 2. Nf3 h6 3. Nxe5 Nc6 4. Nf3 Nf6 5. Bc4 d5 6. exd5 Na5 7. Bb5+ Bd7 8.
Bxd7+ Qxd7 9. c4 Nxc4 10. Qe2+ Kd8 11. Qxc4 Qe7+ 12. Kd1 g5 13. d3 Bg7 14. Re1
Qd7 15. Ne5 Qf5 16. Be3 Qxe5 17. Nc3 Rf8 18. Bc5 Rg8 19. Rxe5 Nh5 20. Kc2 Bxe5
21. Qe4 f6 22. Qh7 Re8 23. Qxh6 Nf4 24. g3 Ng2 25. d4 Bd6 26. Bxd6 cxd6 27.
Qxf6+ Kc7 28. Nb5+ Kb6 29. Nc3 Rac8 30. Qxd6+ Ka5 31. Qa3+ Kb6 32. Qb4+ Kc7 33.
Nb5+ Kd7+ 34. Kb3 a6 35. Nd6 a5 36. Qb6 Rc6 37. dxc6+ Ke7 38. Nxe8 Kxe8 39.
Qxb7 g4 40. c7 Kf7 41. Qxg2 Ke8 42. Qc6+ Kf8 43. c8=Q+ Kg7 44. Re1 1-0